Every Airport Code by First Two Letters - AC - Statistics

General Stats
  • This quiz has been taken 3 times
  • The average score is 11 of 23
Answer Stats
Code Country Answer % Correct
ACA ๐Ÿ‡ฒ๐Ÿ‡ฝ Acapulco
100%
ACC ๐Ÿ‡ฌ๐Ÿ‡ญ Accra
100%
ACV ๐Ÿ‡บ๐Ÿ‡ธ Arcata/Eureka
67%
ACY ๐Ÿ‡บ๐Ÿ‡ธ Atlantic City
67%
ACE ๐Ÿ‡ช๐Ÿ‡ธ Lanzarote
67%
ACK ๐Ÿ‡บ๐Ÿ‡ธ Nantucket
67%
ACT ๐Ÿ‡บ๐Ÿ‡ธ Waco
67%
ACD ๐Ÿ‡จ๐Ÿ‡ด Acandi
33%
ACS ๐Ÿ‡ท๐Ÿ‡บ Achinsk
33%
ACU ๐Ÿ‡ต๐Ÿ‡ฆ Achutupo
33%
ACL ๐Ÿ‡จ๐Ÿ‡ด Aguaclara
33%
ACI ๐Ÿ‡ฌ๐Ÿ‡ฌ Alderney
33%
ACH ๐Ÿ‡จ๐Ÿ‡ญ Altenrhein/St. Gallen
33%
ACJ ๐Ÿ‡ฑ๐Ÿ‡ฐ Anuradhapura
33%
ACF ๐Ÿ‡จ๐Ÿ‡ณ Aral
33%
ACR ๐Ÿ‡จ๐Ÿ‡ด Araracuara
33%
ACB ๐Ÿ‡บ๐Ÿ‡ธ Bellaire
33%
ACN ๐Ÿ‡ฒ๐Ÿ‡ฝ Ciudad Acuรฑa
33%
ACO ๐Ÿ‡จ๐Ÿ‡ท Cรณbano
33%
ACP ๐Ÿ‡ฎ๐Ÿ‡ท Maragheh
33%
ACM ๐Ÿ‡จ๐Ÿ‡ด Puerto Arica
33%
ACX ๐Ÿ‡จ๐Ÿ‡ณ Xingyi
33%
ACZ ๐Ÿ‡ฎ๐Ÿ‡ท Zabol
33%
No matching quizzes found
Score Distribution
Percent of People with Each Score
Percentile by Number Answered
Your Score History
You have not taken this quiz